000 00397nmm a2200145Ia 4500
008 251105s9999||||xx |||||||||||||||||und||
041 _aspa
100 _aAranda, Pablo
245 0 _aEl protegido
264 _a[Madrid, España] :
_bMalpaso Ediciones,
_c2015
300 _a155 páginas
650 _aSpanish narrative
856 _uhttps://public.digitaliapublishing.com/a/88172
942 _cCF
999 _c105374
_d105374